000 00870nam a2200229 i 4500
001 25837
003 ES-MaACL
005 20250603184101.0
007 t|
008 030103s1880 sp |||| | spa d
100 1 _aArenal, Concepción,
_d1820-1893
_922591
245 1 3 _aLa cuestión social
_b: cartas a un obrero y a un señor /
_cConcepción Arenal.
260 _aÁvila :
_b[s.n.],
_c1880 (
_fImp. de La Propaganda Literaria)
300 _a2 v. (XVI, 532; 443 p.) ;
_c18 cm.
530 _aDisponible en formato digital.
650 4 _aClase trabajadora-
_zEspaña.
_9165206
651 4 _aEspaña-
_xPolítica económica-
_yS.XIX.
_9147870
651 4 _aEspaña-
_xPolítica social-
_yS.XIX
_98443
852 _aES-MaACL
_jD-2591-92
856 _uhttp://bdh-rd.bne.es/viewer.vm?id=0000244026&page=1
_zBiblioteca Digital Hispánica
999 _c25837
_d25837